01512nam a2200241Ia 4500001000600000003000900006008004100015040001300056040001300069041001300082100001900095100002900114245007100143245007000214250001100284260001100295260001600306260004900322300005600371500078400427650002801211650003101239G2643IT-RoPAU130308s9999 xx 000 0 und d aIT-RoPAU cIT-RoPAU aITALIANO aBuonanno Milly gCodice Aut. SPICS: 8692 aIndigeni si diventa. Locale e globale nella serialità televisiva bIndigeni si Diventa. locale e Globale nella Serialita' Televisiva a1a ed. aMILANO bRCS Editore c1999 [1° Ed.:1999 - Ed.Ling.Originale:1999] a"176 p. (prefazione: 14; testo: 162 [pagine: 0-0])" aSerialità nella Televisione Italiana. testo di Teoria, Storia e Analisi della Serialità Narrativa, Applicate al Caso della Televisione Italiana. paradigma della Indigenizzazione: Televisione tra Offerta Globale e consumi Locali. Una Lunga Storia: Alle Origini della Serialità Televisiva, Storia Infinita della soap Opera, serial Industriale e Autoriale la Telenovela. Accidentati Percorsi della Serialità televisiva in Italia. Un serial All'Italiana: la Piovra, nove Edizioni, melodramma Sociale, Eroi Martiri. formula Combinatoria della Serie Poliziesca Italiana: Il Maresciallo Rocca nelle Suedue Serie. Alla Ricerca di un Posto al Sole: la Prima soap Opera Italiana,Luogo e Mondo Sociale, Assi del Racconto, Personaggi e Ruoli, Fonti dei Conflitti, Forma del Narrare. aSAGGI SULLA TELEVISIONE eCodice materia Spics: 6961